SINGAPORE GOODS & SERVICES TAX GUIDE (Record no. 109)
[ view plain ]
| 000 -LEADER | |
|---|---|
| fixed length control field | nam a22 7a 4500 |
| 005 - DATE AND TIME OF LATEST TRANSACTION | |
| control field | 20170418094527.0 |
| 008 - FIXED-LENGTH DATA ELEMENTS--GENERAL INFORMATION | |
| fixed length control field | 170418b si ||||| |||| 00| 0 eng d |
| 020 ## - INTERNATIONAL STANDARD BOOK NUMBER | |
| International Standard Book Number | 9810049293 |
| 040 ## - CATALOGING SOURCE | |
| Original cataloging agency | AKMAL |
| 082 ## - DEWEY DECIMAL CLASSIFICATION NUMBER | |
| Classification number | 336.2714095957 VAU |
| 090 ## - LOCALLY ASSIGNED LC-TYPE CALL NUMBER (OCLC); LOCAL CALL NUMBER (RLIN) | |
| Classification number (OCLC) (R) ; Classification number, CALL (RLIN) (NR) | 336.2714095957 |
| Local cutter number (OCLC) ; Book number/undivided call number, CALL (RLIN) | VAU |
| 245 ## - TITLE STATEMENT | |
| Title | SINGAPORE GOODS & SERVICES TAX GUIDE |
| 300 ## - PHYSICAL DESCRIPTION | |
| Dimensions | 23cm |
| 650 ## - SUBJECT ADDED ENTRY--TOPICAL TERM | |
| Topical term or geographic name entry element | TAXATION |
| 9 (RLIN) | 229 |
| 942 ## - ADDED ENTRY ELEMENTS (KOHA) | |
| Source of classification or shelving scheme | |
| Koha item type | Book |
| Withdrawn status | Lost status | Source of classification or shelving scheme | Damaged status | Not for loan | Collection code | Home library | Current library | Shelving location | Date acquired | Inventory number | Total Checkouts | Full call number | Barcode | Date last seen | Price effective from | Koha item type |
|---|---|---|---|---|---|---|---|---|---|---|---|---|---|---|---|---|
| NON-FICTION | AKMAL Melaka | AKMAL Melaka | PINJAMAN | 18.04.2017 | 304347 (Vol.1) | 336.2714095957 VAU | 201700178 | 18.04.2017 | 18.04.2017 | Book | ||||||
| NON-FICTION | AKMAL Melaka | AKMAL Melaka | PINJAMAN | 18.04.2017 | 304348 (Vol.2) | 336.2714095957 VAU | 201700181 | 18.04.2017 | 18.04.2017 | Book | ||||||
| NON-FICTION | AKMAL Melaka | AKMAL Melaka | PINJAMAN | 18.04.2017 | 304349 (Vol.3) | 336.2714095957 VAU | 18.04.2017 | 18.04.2017 | Book |
